00277nam a2200109Ia 4500008004100000100001300041245002700054260002800081650003400109942000700143999001700150190216s9999||||xx |||||||||||||| ||und|| aVasantha 0aCherukadinde Prathibha bDeshabhimani Book House aMalayalam-Malayalam Criticism cBK c25636d25636